Kitâb al-Masâlik waʻl-mamâlik = Liber viarum et regnorum /
المؤلف الرئيسي:
مؤلف مشترك:
مؤلفون آخرون:
التنسيق: كتاب
اللغة:
Arabic
French
منشور في:
Lugduni-Batavorum :
[E. J. Brill],
1889.
سلاسل:
Bibliotheca geographorum arabicorum ;
6.
الموضوعات:
الوسوم: إضافة وسم
رقم الطلب: ( RA )PJ7824 .A1 G6 1889
| LEADER | 02496namaa2200385 4500 | ||
|---|---|---|---|
| 001 | 18580 | ||
| 003 | OSt | ||
| 005 | 20240611132900.0 | ||
| 008 | 130303s1889 ne 000 0 ara d | ||
| 952 | |0 0 |1 0 |2 lcc |4 0 |7 1 |9 10506 |a ARCE |b ARCE |d 2021-02-20 |l 0 |o ( RA )PJ7824 .A1 G6 1889 |p 1029086 |r 2021-02-20 00:00:00 |w 2021-02-20 |y BK | ||
| 999 | |c 19029 |d 19029 | ||
| 010 | |a 70274696 | ||
| 040 | |c ARCE Library | ||
| 041 | 0 | |a ara |a fre | |
| 050 | 4 | |a ( RA )PJ7824 .A1 G6 1889 | |
| 100 | 1 | |6 880-01 |a Ibn Khurradādhbih, ʻUbayd Allāh ibn ʻAbd Allāh, |d approximately 820-approximately 912, |e author | |
| 245 | 1 | 0 | |6 880-02 |a Kitâb al-Masâlik waʻl-mamâlik = |b Liber viarum et regnorum / |c auctore Abuʻl-Kâsim Obaidallah ibn Abdallah Ibn Khordâdhbeh ; et excerpta e Kitâb al-kharâdj, auctore Kodâma ibn Djaʻfar ; Quae cum versione Gallica edidit, indicibus et glossario instruxit M. J. de Goeje. |
| 246 | 3 | |a Masâlik waʻl-mamâlik. | |
| 246 | 3 | 1 | |a Liber viarum et regnorum. |
| 264 | 1 | |a Lugduni-Batavorum : |b [E. J. Brill], |c 1889. | |
| 300 | |a xxiii, 308 pages ; |c 24 cm. | ||
| 490 | 1 | |a Bibliotheca geographorum arabicorum ; |v 6. | |
| 500 | |a Added t.p.: Kitāb al-masālik wa-al-mamālilk, an ibn Khurradādhbib, "Nubdhah min Kitāb al-kharāj wa-Sanʻat al-kitābah li Abī al-Faraj Jaʻffar ibn Qudāmah al-Kātib al-Baghdādī" (p. [184]-266). Romanized. | ||
| 546 | |a Enthält lediglich den arabischen Text mit der Einführung in Französisch. | ||
| 650 | 0 | |a Geography, Arab |v Early works to 1800. | |
| 700 | 1 | |a Goeje, M. J. de |q (Michael Jan), |d 1836-1909. |9 30863 | |
| 710 | 2 | |a Qudāmah ibn Jaʻfar, |d -922? |t Kitāb al-kharāj. |g Selections. |f 1889. |9 23512 | |
| 740 | 0 | |a Masālik wa-al-mamālik. | |
| 740 | 0 | |a Kitāb al-kharāj wa-ṣanʻat al-kitābah. | |
| 740 | 0 | |a Kharāj wa-ṣanʻat al-kitābah. | |
| 830 | 0 | |a Bibliotheca geographorum arabicorum ; |v 6. | |
| 880 | 1 | |6 100-01/(3/r |a ابن خرداذبه، عبيد الله بن عبد الله، |d حوالي 820-حوالي. | |
| 880 | 1 | 0 | |6 245-02/(3/r |a كتاب المسالك و الممالك = |b Liber viarum et regnorum |c auctore Abuʻl-Kâsim Obaidallah ibn Abdallah Ibn Khordâdhbeh ; et excerpta e Kitâb al-kharâdj, auctore Kodâma ibn Djaʻfar ; Quae cum versione Gallica edidit, indicibus et glossario instruxit M. J. de Goeje. |
| 901 | |a reviewed | ||
| 942 | |c BK |2 lcc | ||
